<?xml version="1.0" encoding="UTF-8"?>
<record
    xmlns:xsi="http://www.w3.org/2001/XMLSchema-instance"
    xsi:schemaLocation="http://www.loc.gov/MARC21/slim http://www.loc.gov/standards/marcxml/schema/MARC21slim.xsd"
    xmlns="http://www.loc.gov/MARC21/slim">

  <leader>01393    a2200169   4500</leader>
  <controlfield tag="003">Nust</controlfield>
  <controlfield tag="005">20221202101745.0</controlfield>
  <datafield tag="040" ind1=" " ind2=" ">
    <subfield code="c">Nust</subfield>
  </datafield>
  <datafield tag="082" ind1=" " ind2=" ">
    <subfield code="a">539.7,TOL</subfield>
  </datafield>
  <datafield tag="100" ind1=" " ind2=" ">
    <subfield code="a">Tolansky, S.</subfield>
    <subfield code="9">103971</subfield>
  </datafield>
  <datafield tag="245" ind1=" " ind2=" ">
    <subfield code="a">Introduction to Atomic Physics / </subfield>
    <subfield code="c">S. Tolansky,  Sir Lawrence Bragg</subfield>
  </datafield>
  <datafield tag="260" ind1=" " ind2=" ">
    <subfield code="a">London</subfield>
    <subfield code="b">Longmans</subfield>
    <subfield code="c">1949</subfield>
  </datafield>
  <datafield tag="300" ind1=" " ind2=" ">
    <subfield code="a">xi, 435 p.</subfield>
  </datafield>
  <datafield tag="505" ind1=" " ind2=" ">
    <subfield code="a">The Conduction Of Electricity Through Gases (Page-1), The Electric Discharge Through Gases At Low Pressures (Page-26), The Charge And Mass Of The Electron (Page-41), Positive Rays And The Mass Spectrograph (Page-54), The Quantum Theory (Page-82), The Thermionic Effect (Page-102), Photo Electricity (Page-121), Atomic Spectra And The Periodic Table (Page-138), X-Rays And Their Properties (Page-158), The Structures Of Crystals (Page-173), The Wave Mechanics (Page-194), Electron Collision In Gases (Page-209), Radioactivity And The Radioactive Transformations (Page-216), The &#x391;-Particle (Page-237), The &#x392;-Rays (Page-259), The &#x393;-Rays (Page-276), The Detection Of Single Atomic Particles (Page-284), Cosmic Radiation: The Positron (Page-296), Mesons (Page-317), High Energy Particle Accelerators (Page-330), The Nucleus Of The Atom (Page-354), The Neutron (Page-379), Nuclear Fission (Page-387), Atomic Energy Nuclear Reactors (Page-396), The Relativity Theory (Page-409).</subfield>
  </datafield>
  <datafield tag="650" ind1=" " ind2=" ">
    <subfield code="a">Atoms.</subfield>
    <subfield code="9">10462</subfield>
  </datafield>
  <datafield tag="942" ind1=" " ind2=" ">
    <subfield code="2">ddc</subfield>
    <subfield code="c">BK</subfield>
    <subfield code="k">539.7,TOL</subfield>
  </datafield>
  <datafield tag="999" ind1=" " ind2=" ">
    <subfield code="c">184478</subfield>
    <subfield code="d">184478</subfield>
  </datafield>
  <datafield tag="952" ind1=" " ind2=" ">
    <subfield code="0">0</subfield>
    <subfield code="1">0</subfield>
    <subfield code="2">ddc</subfield>
    <subfield code="4">0</subfield>
    <subfield code="7">0</subfield>
    <subfield code="a">MCS</subfield>
    <subfield code="b">MCS</subfield>
    <subfield code="c">GEN</subfield>
    <subfield code="d">2016-12-12</subfield>
    <subfield code="o">539.7,TOL</subfield>
    <subfield code="p">MCS6187</subfield>
    <subfield code="r">2016-12-08</subfield>
    <subfield code="w">2016-12-12</subfield>
    <subfield code="y">BK</subfield>
    <subfield code="z">Almirah NO 16, Shelf No 6</subfield>
  </datafield>
  <datafield tag="952" ind1=" " ind2=" ">
    <subfield code="0">0</subfield>
    <subfield code="1">0</subfield>
    <subfield code="2">ddc</subfield>
    <subfield code="4">0</subfield>
    <subfield code="7">0</subfield>
    <subfield code="a">MCS</subfield>
    <subfield code="b">MCS</subfield>
    <subfield code="c">GEN</subfield>
    <subfield code="d">2016-12-12</subfield>
    <subfield code="o">539.7,TOL</subfield>
    <subfield code="p">MCS6482</subfield>
    <subfield code="r">2016-12-08</subfield>
    <subfield code="w">2016-12-12</subfield>
    <subfield code="y">BK</subfield>
    <subfield code="z">Almirah No.77, Shelf No.3</subfield>
  </datafield>
</record>
